|
|
|
|
| LEADER |
01090nam a2200349 4500 |
| 001 |
DLU090078564 |
| 005 |
##20090608 |
| 040 |
# |
# |
|a DLU
|b eng
|
| 041 |
# |
# |
|a eng
|
| 044 |
# |
# |
|a UK
|
| 100 |
# |
# |
|a Biagioni, Hebe A.
|
| 245 |
# |
# |
|a Parabolic equations with conservative nonlinear term and singular initial data /
|c Hebe A. Biagioni, Lucio Cadeddu, Todor Gramchev.
|
| 653 |
# |
# |
|a Contraction principle
|
| 653 |
# |
# |
|a Global solution
|
| 653 |
# |
# |
|a Holder spaces
|
| 653 |
# |
# |
|a Lifespan
|
| 653 |
# |
# |
|a Local solution
|
| 653 |
# |
# |
|a Regularity
|
| 653 |
# |
# |
|a Semilinear parabolic equation
|
| 653 |
# |
# |
|a Singular initial data
|
| 700 |
# |
# |
|a Cadeddu, Lucio.
|
| 700 |
# |
# |
|a Gramchev, Todor.
|
| 773 |
# |
# |
|t Nonlinear Analysis, Theory, Methods & Applications
|g Vol. 30, part 4 (December 1997), p. 2489-2496
|
| 920 |
# |
# |
|a Phòng Tạp chí -- Trung tâm Thông tin - Thư viện Trường Đại học Đà Lạt
|
| 994 |
# |
# |
|a DLU
|
| 900 |
# |
# |
|a True
|
| 911 |
# |
# |
|a Trương Bảo Trâm Anh
|
| 925 |
# |
# |
|a G
|
| 926 |
# |
# |
|a A
|
| 927 |
# |
# |
|a BB
|
| 980 |
# |
# |
|a Thư viện Trường Đại học Đà Lạt
|